Berühmte Frauen der Weltgeschichte - Statistiken

Allgemein
  • Dieses Quiz wurde 87 mal gespielt
  • Das Durchschnittsergebnis liegt bei 8 aus 88
Antwortstatistiken
Hinweis (1.) Jahr Name % Korrekt
1. Nobelpreisträgerin 1903 Marie Curie
68%
1. dt. Bundeskanzlerin 2005 Angela Merkel
61%
1. Sexshop - Eröffnerin der Welt 1962 Beate Uhse
41%
1. BRD - Bundesministerin 1961 Elisabeth Schwarzhaupt
39%
1. Frau, die mit einem Fahrradum die Welt fuhr 1894 - 1895 Anna Kopchovsky / Annie Londonderry
37%
Gründerin der KPD(Kommunistische Partei Deutschlands) 1919 Rosa Luxemburg
37%
Initiatorn des 1. FridaysForFuture (FFF) 2018 Greta Thunberg
36%
1. ♀ Universalgelehrte 1130 Hildegard von Bingen
34%
1. Alleinflug über Atlantik (W ➡ O) 1932 Amelia Earhart
33%
Heiligsprechung dieser Frau durch Papst Franziskus 2016 Anjeze Gonxhe Bojaxhiu / Mutter Teresa
33%
Initiatorin der 1. Schwarzen Bürgerrechtsbewegung 1955 Rosa Parks
32%
1. ♀ Flugkapitän 1937 Hanna Reitsch
30%
1. ♀ Versuchspilotin ( Stukas, Bomber u.a.) 1937 Hanna Reitsch
30%
1. Hubschrauber - Pilotin der Welt k.A. Hanna Reitsch
30%
1. Königin 🏴󠁧󠁢󠁳󠁣󠁴󠁿 (Haus Stuart) 1542 Maria Stuart
28%
1. Frau am Steuer (Auto) 1888 Berta Benz
24%
Gründerin mod. Krankenpflege 1853 Florence Nightingale
21%
1. Friedensnobelpreis - Trägerin 1905 Bertha von Suttner
18%
1. US-Ärztin mit Doktordiplom 1849 Elizabeth Blackwell
16%
1. exotische, europ. Tänzerin 1923 Josephine Baker
16%
1. berühmte Puppenmacherin 1905 Käthe Kruse
16%
1. US-Präsidentschaftskandidatin 1872 Victoria Woodhull
11%
1. Brokerin der Welt k.A. Victoria Woodhull
11%
1. Frauenrechtlerin k.A. Victoria Woodhull
11%
1. Frau im Weltall / 1. Kosmonautin 1963 Walentina Tereschkowa
11%
1. Schutzpatroninnen (3) Europas 1999 Birgitta von Schweden / Katharina von Siena /Edith Stein
9%
1. Bundestagspräsidentin 1972 Annemarie Renger
8%
Erdinderin der Currywurst 1949 Herta Heuwer
8%
1. dt. Miss World 1956 Petra Schürmann
7%
1. Frau im iPhone (Siri 🇺🇸 ) 2011 Suzan Bennett
7%
Initiatorin des 1. internat. Frauentags 1910 Clara Zetkin
5%
1. US-amerikan. Astronautin 1983 Sally Ride
5%
1. Ärmelkanal - Schwimmerin 1926 Gertrude Ederle
4%
Mensch mit längster Lebensdauer (122 Jahre) 1997 Jeanne Calment
4%
1. Retortenbaby 1978 Louise Joy Brown
4%
Frau mit dem höchsten IQ (228) 1956 Marilyn vos Savant
4%
1. dt. Medizin - Doktorin 1755 Dorothea Erxleben
3%
1. Flug um die Welt (ohne große Meere) einer Frau 1931 - 1932 Elly Beinhorn
3%
Jüngste Weltumseglers (16 Jahre) 2010 - 2012 Laura Dekker
3%
1. Deutsche im amerik. Playboy (Miss Oktober) 1979 Ursula Buchfellner
3%
1. ♀ Sprecherin der ZDF - heute - Nachrichten 1971 Wibke Bruns
3%
1. dt. Nachrichten-Sprecherin 1963 Anne - Rose Neumann
1%
1. Frau in der 🇦🇶 (Insel) 1935 Caroline Mikkelsen
1%
1. Frau mit Doktortitel 1678 Elena Lucrezia Piscopia / Helen Cornaro
1%
1. Frau im dt. IPhone (Siri 🇩🇪) 2011 Heike Hagen
1%
1. Frau auf Weltreise 1846 - 1848 Ida Pfeiffer
1%
1. Miss DDR (Miss Frühling) 1986 Katrin Gawenda
1%
1. Atlantik - Flugversuch 1927 Ruth Elder
1%
1. dt. Pilotin mit Kunstflugschein (A2) 1925 Thea Rasche
1%
1. Frau mit Ehrendoktortitel (Dr. Ing. h. c.) 1932 Agnes Pockels
0%
1. ♀ Superstar (Scharfschützin) 1876 Annie Oakley
0%
1. Alleinflug über Atlantik (O ➡ W) 1936 Beryl Markham / Beryl Clutterbuck
0%
1. Afroamerikanerin mit Pilotenschein 1921 Bessie Coleman
0%
1. Miss Universe 1926 Catherine Moylan
0%
Gründerin des 1. dt. Frauen - Fußballclubs (1. DDFC) 1930 Charlotte Specht
0%
1. Autofahrt um die Welt einer Frau 1927 - 1929 Clärenore Stinnes
0%
1. Himalaya - Bergsteigerin 1906 Fanny Bullock Workman
0%
Initiatorin eines Aufstandes im KZ - Auschwitz 1943 Franciszka Mann
0%
1. dt. Schönheitskönigin 1909 Gertrud Dopieralski / Gerda Sieg
0%
1. Ärmelkanal - Alleinflug 1912 Harriet Quimby
0%
1. Miss Germany 1927 Hildegard Kwandt
0%
1. Frau auf dem 🇦🇶 - Festland 1937 Ingrid Christensen
0%
1. Überschallflug einer Frau 1953 Jacqueline Auriol
0%
1. Düsenjet - Pilotin 1953 Jacqueline Cochran
0%
1. frz. Nationalheldin 1429 Jeanne d'Ark
0%
1. Heißluftballon - Fliegerin 1798 Jeanne Labrosse
0%
1. Fallschirmspringerin 1799 Jeanne Labrosse
0%
1. Frau auf dem Mount Everest 1975 Junko Tabei
0%
1. dt. Fallschirmspringerin 1893 Käthe Paulus
0%
1. Miss World 1951 Kerstin Hakansson / Kiki
0%
1. europ. Professorin 1733 Laura Bassi
0%
1. berühmte Indianerin 1520 Maliche / Dona Marina
0%
1. Rede bei der Weimarer Nationalversammlung 1919 Maria Juchacz
0%
Gründerin der Arbeiterwohlfahrt 1919 Maria Juchacz
0%
1. Nationalbank - Präsidentin 1990 Maria Schaumayer
0%
1. Formel-1-Pilotin 1958 Maria Teresa de Filippis
0%
1. Miss Europa 1888 Marte Soucaret
0%
1. Fields - Medaillen - Gewinnerin (höchste Mathematik Auszeichnung) 2014 Maryam Mirzakhani
0%
1. Paläontologin 1811 Mary Anning
0%
1. Afrika - Forscherin 1893 Mary Kingsley
0%
1. europ. Frau, die den höchsten GipfelWestafrikas (Kamerunberg) bestieg k.A. Mary Kingsley
0%
1. dt. Flugzeugpilotin 1911 Melli Beese
0%
1. dt. Ministerin 1918 Minna Faßhauer
0%
1. Alleinflug einer Frau 1909 Raymonde de Laroche / Élise Deroche
0%
1. Frau mit Pilotenschein 1910 Raymonde de Laroche / Élise Deroche
0%
1. Schnellrechnen - Weltmeisterin 50er / 60er Shakuntala Devi
0%
1. Nonstop - Alleinflug um die Welt einer europ. Frau 1966 Sheila Scott
0%
1. Frau, die einen Weltraumausstieg unternahm 1982 Swetlana Sawizkaja
0%
Keine übereinstimmenden Quizze gefunden
Verteilung der Resultate
Anzahl Personen mit jedem Resultat
Perzentil nach korrekt beantworteten Fragen
Ihre Resultats-Entwicklung
Sie haben dieses Quiz noch nicht gespielt